| 000 | 01208nam a22002657a 4500 | ||
|---|---|---|---|
| 005 | 20240530110628.0 | ||
| 008 | 170110s2014 ua g b 000 0 ara d | ||
| 017 |
_a2014/16838 _bمصر. دار الكتب |
||
| 020 | _a9789773223397 | ||
| 040 |
_aEG-CaGPL _cEG-CaGPL |
||
| 082 | 0 | 4 |
_221 _a811.9\ _bط ر |
| 100 | 0 | _aطلعت عبدالعريز ابوالعزم . | |
| 245 | 1 | 2 |
_aالرؤية الرومانسية للمصير الانسانى لدى الشاعر العربى الحديث : _bدراسة ادبية و فنية / _cتاليف طلعت عبدالعريز ابوالعزم ؛ تقديم شوقى ضيف . |
| 250 | _aط.1 | ||
| 260 |
_aالقاهرة : _bعين للدراسات و البحوث الانسانية و الاجتماعية ، _c2014 . |
||
| 300 |
_a365 ص ؛ _c24 سم . |
||
| 504 | _aببليوجرافية : ص 353 - 359 | ||
| 650 | 0 | 7 |
_2qrmak _aالشعر العربى . |
| 650 | 0 | 7 |
_2qrmak _aالشعر العربى _xتاريخ و نقد _yالعصر الحديث . |
| 650 | 0 | 7 |
_2qrmak _aالشعر العربى _xتاريخ و نقد . |
| 651 | _2qrmak | ||
| 700 | 0 |
_aشوقى ضيف _eمقدم . |
|
| 942 |
_2ddc _cBK |
||
| 999 |
_c63193 _d63193 |
||